Football nommés au ballon d'or 2024 - Statistiques

Statistiques générales
  • Ce quiz a été pris 446 fois
  • Le résultat moyen est 23 sur 30
Statistiques - réponses
Poste Nationalité Club Joueur % Correct
Milieu offensif Angleterre Real Madrid Bellingham
95%
Ailier France Real Madrid Mbappé
90%
Milieu défensif Espagne Manchester City Rodri
89%
Latéral droit Espagne Real Madrid Carvajal
88%
Attaquant de pointe Norvège Manchester City Haaland
88%
Attaquant de pointe Angleterre Bayern Munich Kane
85%
Gardien Argentine Aston Villa Martinez
83%
Attaquant de pointe Argentine Inter Milan Martinez
83%
Ailier Brésil Real Madrid Vinicius
83%
Défenseur central Portugal Manchester City Dias
81%
Ailier Angleterre Manchester City Foden
80%
Milieu Allemagne Retraité Kroos
80%
Ailier Espagne Barcelone Yamal
80%
Défenseur central Allemagne Real Madrid Rudiger
79%
Défenseur central France Arsenal Saliba
79%
Milieu Uruguay Real Madrid Valverde
79%
Milieu offensif Norvège Arsenal Odegaard
78%
Ailier Angleterre Arsenal Saka
74%
Milieu Portugal PSG Vitinha
72%
Milieu offensif Angleterre Chelsea Palmer
71%
Milieu défensif Angleterre Arsenal Rice
70%
Milieu offensif Allemagne Bayer Leverkusen Wirtz
70%
Latéral gauche Espagne Bayer Leverkusen Grimaldo
69%
Ailier Espagne Athletic Bilbao Williams
66%
Attaquant Nigeria Atalanta Lookman
65%
Milieu Suisse Bayer Leverkusen Xhaka
64%
Milieu offensif Espagne Barcelone Olmo
61%
Milieu Turquie Inter Milan Calhanoglu
55%
Défenseur central Allemagne As Roma Hummels
51%
Attaquant de pointe Ukraine As Roma Dovbyk
50%
Aucun quiz correspondant
Distribution des résultats
% des personnes avec chaque résultat
Percentile par nombre de réponses
Votre historique - résultats
Vous n’avez pas pris ce quiz